000 00583nam a2200205 a 4500
001 64867
003 BD-RjUL
005 20211209081349.0
008 170223s1955 brla|||| |||| 000 0 eng d
035 _a(BD-RjUL) 64997
040 _aBD-RjUL
_beng
_cBD-RjUL
_dBD-RjUL
041 _aeng
082 _223
_a155.82
_bBOD 1955
100 _a Boas, Fanrz
_9192304
245 _aDas geschopf des sechten tages /
_c Franz Boas
260 _aBarlin :
_bColloquium verlag,
_c1955.
300 _a256 p.:
_bill. ;
_c24 cm.
650 _aEthnopsychology
_9186489
_xRace relations.
942 _2ddc
_cBK
999 _c64867
_d64867